| 000 -LEADER |
| fixed length control field |
01098pab a2200181 454500 |
| 008 - FIXED-LENGTH DATA ELEMENTS--GENERAL INFORMATION |
| fixed length control field |
180718b2011 xxu||||| |||| 00| 0 eng d |
| 100 ## - MAIN ENTRY--PERSONAL NAME |
| Personal name |
Salerno, Giulio M. |
| 245 ## - TITLE STATEMENT |
| Title |
Implementation and revision of the Italian constitution since the 1990s |
| 260 ## - PUBLICATION, DISTRIBUTION, ETC. |
| Date of publication, distribution, etc. |
2011 |
| 300 ## - PHYSICAL DESCRIPTION |
| Extent |
p.114-122. |
| 362 ## - DATES OF PUBLICATION AND/OR SEQUENTIAL DESIGNATION |
| Dates of publication and/or sequential designation |
Jan |
| 520 ## - SUMMARY, ETC. |
| Summary, etc. |
This article describes the evolution of the Italian Constitution since 1990. A distinction is made between a "rigid" Constitution and an applied or "living" Constitution. Laws that have constitutional status and their limits are also examined. Moreover, the changing destiny of the various "seasons of reform" of the Constitution and the long road towards the "implemental" integration of the Constitution is also discussed. Finally, the role of the Constitutional Court in relation to the Constitution and as the "guarantor of the constitutional conformity" of the entire legal system is explained. - Reproduced. |
| 650 ## - SUBJECT ADDED ENTRY--TOPICAL TERM |
| Topical term or geographic name entry element |
Italy - Constitution |
| 650 ## - SUBJECT ADDED ENTRY--TOPICAL TERM |
| Topical term or geographic name entry element |
Constitutions |
| 773 ## - HOST ITEM ENTRY |
| Main entry heading |
International Journal of Public Administration |
| 908 ## - PUT COMMAND PARAMETER (RLIN) |
| Put command parameter |
N |
| 909 ## - |
| -- |
96626 |